000 004090000a22001690004500
003 MACL
005 20160105173213.0
008 160105b xxu||||| |||| 00| 0 eng d
040 _aMACL
_cMACL
041 _aEnglish
082 _a823/WOD
100 _aWodehouse, P G
_928362
245 _aThe Mating Season
260 _bHerbert Jenkins Ltd
_aLondon
650 _aFiction
_928363
942 _cBK
_k823/WOD
_2ddc
999 _c34880
_d34880